000
00302nam a22001337a 4500
003
SGT
082
_a
370
_b
P07P
100
_a
PANDEY, SUSHMA
245
_a
PSYCHOLOGICAL CONSEQUENCES OF CHILD ABUSE
260
_a
NEW DELHI
_b
CONCEPT PUB
_c
2007
300
_a
247
650
_a
EDUCATION
942
_2
ddc
_c
BK
999
_c
12409
_d
12409